000 00421nam a22001697a 4500
999 _c12207
_d12207
008 220720b ||||| |||| 00| 0 eng d
020 _a9780340977736
082 _a004.092
_bPAU
100 _aPausch, Randy
245 _aThe last lecture
260 _aLondon
_bHodder & Stoughton
_c2012
300 _ax, 206p.
650 _aCancer--Patients
650 _aPhilosophy
650 _aPsychological aspects
942 _cBK